000 00746nam a2200229Ia 4500
008 191130s2006##################000#0#eng##
020 _a9781591406044
022 _a2005004533
040 _aACL
_cACL
082 _a005.117 LIU
245 _aManagement of the object-oriented development process
_c[edited by] Liping Liu, Borislav Roussev
260 _aHershey, PA
_bIdea Group Pub
_cc2006
300 _ax, 372 p. : ill. ; 26 cm
500 _aIncludes bibliographical references and index
650 _aComputer software - Development
650 _aObject-oriented programming (Computer science)
700 _aLiu, Liping
700 _aRoussev, Boris
990 _acb395f16ac10000c2365a2f4dea80880
991 _a66319
999 _c2257
_d2257